• 首页
  • 本馆介绍
  • 公告通知
  • 最新文献
  • 馆藏检索
  • 电子资源
  • 读者导购
  • 参考咨询
  • 我的图书馆
  • 登录
  • 详细信息显示
  • 放入我的书架
  • 预约/预借图书
  • 作者相关作品
  • 分类相关作品
  • 丛书相关作品
  • 出版社相关作品

书目信息

  • 表格格式
  • 工作单格式
  • 卡片格式
题名:
医林集验
    
 
作者: 黄海波 , 黄震洲 , 荣宝山 主编
分册:  
出版信息: 北京   科学出版社  2020.7
页数: 210页
开本: 24cm
丛书名:
单 册:
中图分类: R271.14 , R271
科图分类:
主题词: 不孕症--中医临床--经验--中国--现代
电子资源:
ISBN: 978-7-03-065540-0
000 01334nam0 2200253 450
001 2134969514
005 20210104100533.02
010    @a978-7-03-065540-0@dCNY58.00
100    @a20200707d2020 em y0chiy0110 ea
101 0  @achi
102    @aCN@b110000
105    @ay z 000yy
200 1  @a医林集验@9yi lin ji yan@f黄海波, 黄震洲, 荣宝山主编
210    @a北京@c科学出版社@d2020.7
215    @a210页@d24cm
330    @a本书共分两章。第一章为名家效验精方,主要收集部分国医大师、全国前几批名老中医药专家学术经验继承工作指导老师在治疗不孕症方面的有效经验方剂,并分别在处方组成、应用方法、功能主治(从中西医角度)、处方总结等方面予以介绍。第二章为名家验案实录,同样选取部分国医大师、全国老中医药专家学术经验继承工作指导老师治疗不孕症的临床验案。每一案例均分为病案介绍和按语两部分。病案介绍详细阐述疾病的发生发展、演变及现代名中医对该病证的辨证治疗经过等,按语则着重阐明现代名中医对该病证的四诊资料取舍、辨证思路、病机把握、治疗原则和方法、组方用药、调护等,体现其临证经验和独特心法。本书可供广大临床工作者,特别是从事生殖医学工作的临床医师参考。
606 0  @a不孕症@x中医临床@x经验@y中国@z现代
690    @aR271.14@v5
690    @aR271@v4
701  0 @a黄海波@9huang hai bo@4主编
701  0 @a黄震洲@9huang zhen zhou@4主编
701  0 @a荣宝山@9rong bao shan@4主编
801  2 @aCN@b58marc.cn@c20200707
905    @aMUSE@dR271@e7
    
    医林集验/黄海波, 黄震洲, 荣宝山主编.-北京:科学出版社,2020.7
    210页;24cm
    
    
    ISBN 978-7-03-065540-0:CNY58.00
    本书共分两章。第一章为名家效验精方,主要收集部分国医大师、全国前几批名老中医药专家学术经验继承工作指导老师在治疗不孕症方面的有效经验方剂,并分别在处方组成、应用方法、功能主治(从中西医角度)、处方总结等方面予以介绍。第二章为名家验案实录,同样选取部分国医大师、全国老中医药专家学术经验继承工作指导老师治疗不孕症的临床验案。每一案例均分为病案介绍和按语两部分。病案介绍详细阐述疾病的发生发展、演变及现代名中医对该病证的辨证治疗经过等,按语则着重阐明现代名中医对该病证的四诊资料取舍、辨证思路、病机把握、治疗原则和方法、组方用药、调护等,体现其临证经验和独特心法。本书可供广大临床工作者,特别是从事生殖医学工作的临床医师参考。
●
相关链接 在五车中查询图书 在当当中查询图书 在豆瓣中查询图书


正题名:医林集验     索取号:R271/7         预约/预借

序号 登录号 条形码 馆藏地/架位号 状态 备注
1 2000877980   2000877980   第二书库/ [索取号:R271/7] 在馆    
2 2000877981   2000877981   第二书库/ [索取号:R271/7] 在馆    
3 2000877982   2000877982   第二书库/ [索取号:R271/7] 在馆    
山东省滨州职业学院图书馆 欢迎您!
大连网信软件有限公司© 版权所有